Movies Quiz

Random Movies or Actor Quiz
Score 0/30 Timer 07:00
0 Plays Today
% Correct
Jim Carrey
91.8%
Steve Carell
89.9%
John Candy
88.9%
Glenn Close
88.8%
Tom Cruise
87.3%
Nicolas Cage
87.2%
Kevin Costner
86.7%
Jackie Chan
86.6%
Sean Connery
84.3%
Don Cheadle
83.3%
Billy Crystal
82.9%
Russell Crowe
82.5%
George Clooney
82.4%
James Caan
81.7%
Penelope Cruz
80.2%
% Correct
Tim Curry
77%
John Cleese
77%
Jim Caviezel
75.2%
David Carradine
70.1%
John Cusack
69.8%
Michael Caine
69.5%
Joan Crawford
65.2%
Tony Curtis
64.9%
Jennifer Connelly
64.6%
Chow Yun-Fat
62.6%
Gary Cooper
60.3%
James Cagney
58.5%
Robert Carlyle
58%
James Coburn
53.5%
Bruce Campbell
52.7%
Remove Ads.
Support Sporcle.
Get the best of Sporcle when you Go Orange. This ad-free experience offers more features, more stats, and more fun while also helping to support Sporcle. Thank you for becoming a member.

You're not logged in!

Compare scores with friends on all Sporcle quizzes.
OR
Log In

Show Comments

Extras

Top Quizzes Today


Score Distribution

Your Account Isn't Verified!

In order to create a playlist on Sporcle, you need to verify the email address you used during registration. Go to your Sporcle Settings to finish the process.

Report this User

Report this user for behavior that violates our Community Guidelines.

Details: